[Event "Tournoi francophone 002 Groupe D"]
[Site "Skype"]
[Date "????.??.??"]
[Round "1.1"]
[White "Gerbaux, Regis"]
[Black "Vervoort, Jean-Louis"]
[Result "1-0"]
[WhiteElo "1311"]
[BlackElo "1330"]
[PlyCount "21"]

1. e4 d5 2. exd5 Qxd5 3. Nc3 Qd6 4. Nf3 e5 5. d3 Nf6 6. Be2 Bg4 7. O-O Bxf3 8.
Bxf3 Qb6 9. Na4 Qa5 10. b3 b5 11. Bxa8 1-0

[Event "Tournoi francophone 002 Groupe D"]
[Site "Skype"]
[Date "????.??.??"]
[Round "1.2"]
[White "Bousbia, Amine"]
[Black "Moumtaz, Abderrahim"]
[Result "1-0"]
[WhiteElo "1418"]
[BlackElo "1216"]
[PlyCount "54"]

1. f4 d5 2. Nf3 Nf6 3. d3 e6 4. Ne5 Qe7 5. e3 Nc6 6. Be2 d4 7. Nxc6 bxc6 8.
exd4 Ng4 9. h3 Nf6 10. O-O Qd8 11. Be3 Be7 12. c4 O-O 13. Nc3 Bd6 14. c5 Be7
15. b4 Nd5 16. Nxd5 cxd5 17. a3 Bf6 18. Qb3 c6 19. Qb2 Rb8 20. Rab1 a5 21. Qd2
axb4 22. Rxb4 Ba6 23. Rxb8 Qxb8 24. Qb4 Bb5 25. a4 Ba6 26. Rb1 h6 27. Qxb8 Rxb8
1-0

[Event "Tournoi francophone 002 Groupe D"]
[Site "Skype"]
[Date "????.??.??"]
[Round "1.3"]
[White "Philibert, Andre"]
[Black "Gabriele, Noel"]
[Result "1-0"]
[WhiteElo "1368"]
[BlackElo "1310"]
[PlyCount "77"]

1. e4 e5 2. Nf3 Nc6 3. Be2 Bc5 4. c3 d6 5. d3 h6 6. b4 Bb6 7. Nbd2 Nf6 8. Nc4
O-O 9. Nxb6 axb6 10. O-O d5 11. Bb2 Ne7 12. Re1 Qd6 13. Qb3 c6 14. Rad1 Be6 15.
a3 d4 16. Qc2 c5 17. bxc5 bxc5 18. cxd4 cxd4 19. a4 Rfc8 20. Qd2 Rxa4 21. Rb1
Ra2 22. Ra1 Rca8 23. Rxa2 Rxa2 24. Ra1 Rxa1+ 25. Bxa1 Nc6 26. Qb2 Qc7 27. Bd1
Kh7 28. h3 g6 29. Ba4 g5 30. Bxc6 Qxc6 31. Kh2 Qc7 32. Qb5 Nd7 33. Nd2 Nc5 34.
Bb2 Bd7 35. Qc4 b5 36. Qxf7+ Kh8 37. Qf6+ Kh7 38. Qf7+ Kh8 39. Ba3 1-0

[Event "Tournoi francophone 002 Groupe D"]
[Site "Skype"]
[Date "????.??.??"]
[Round "1.4"]
[White "Lequeux, Pierre"]
[Black "Hargez, Dany"]
[Result "0-1"]
[WhiteElo "1243"]
[BlackElo "1421"]
[PlyCount "46"]

1. Nf3 d5 2. d4 Bf5 3. e3 Nf6 4. Bb5+ c6 5. Bd3 Be4 6. Nfd2 Bxg2 7. Rg1 Be4 8.
f3 Bg6 9. Bxg6 fxg6 10. Nc3 e6 11. a3 Bd6 12. h3 Qc7 13. f4 O-O 14. Qf3 Qf7 15.
Qf2 Be7 16. Nf3 Ne4 17. Nxe4 dxe4 18. Ne5 Qe8 19. Bd2 c5 20. c3 Nc6 21. Ke2
cxd4 22. cxd4 Nxe5 23. fxe5 Rxf2+ 0-1

[Event "Tournoi francophone 002 Groupe D"]
[Site "Skype"]
[Date "????.??.??"]
[Round "1.5"]
[White "Farfallini, Michel"]
[Black "Vincent, Andre"]
[Result "1-0"]
[WhiteElo "1300"]
[BlackElo "1187"]
[PlyCount "57"]

1. d4 d5 2. c4 Nf6 3. Nc3 e6 4. e3 Be7 5. Bd3 O-O 6. Nf3 Nbd7 7. O-O c6 8. Re1
dxc4 9. Bc2 b5 10. e4 h6 11. Bf4 Bb4 12. a3 Bxc3 13. bxc3 Qa5 14. Qc1 Qxc3 15.
Bxh6 Nh7 16. e5 gxh6 17. Bxh7+ Kxh7 18. Qxc3 Bb7 19. Re4 Rg8 20. Qc2 Kh8 21.
Rh4 Rg6 22. Rh5 Kg7 23. Qe4 Rh8 24. Nh4 Rg5 25. Rxg5+ hxg5 26. Nf3 Kh6 27. Qe3
Rg8 28. h4 f6 29. exf6 1-0

[Event "Tournoi francophone 002 Groupe D"]
[Site "Skype"]
[Date "????.??.??"]
[Round "2.1"]
[White "Vervoort, Jean-Louis"]
[Black "Vincent, Andre"]
[Result "1/2-1/2"]
[WhiteElo "1330"]
[BlackElo "1187"]
[PlyCount "100"]

1. d4 d5 2. c4 c6 3. Nc3 Nf6 4. Bg5 Nbd7 5. Nf3 e6 6. e3 Be7 7. Bd3 h6 8. Bxf6
Bxf6 9. O-O dxc4 10. Bxc4 b5 11. Bd3 Nb6 12. Rc1 Bb7 13. Ne4 Nd5 14. Nxf6+ Qxf6
15. Ne5 Nb4 16. Bb1 Rc8 17. b3 a5 18. a3 Nd5 19. Rc5 b4 20. a4 Nc3 21. Qc2 Nxb1
22. Rxb1 Qd8 23. Rc1 O-O 24. Nxc6 Bxc6 25. Rxc6 Rxc6 26. Qxc6 Qd5 27. Qc2 f5
28. Rd1 Qe4 29. Qd2 Rc8 30. f3 Qc2 31. Qxc2 Rxc2 32. Rd3 Rc3 33. Rd1 Rxb3 34.
e4 fxe4 35. fxe4 Kf7 36. d5 Re3 37. d6 Ke8 38. Rc1 Rc3 39. Rd1 Rc2 40. d7+ Kd8
41. Rd6 Rc1+ 42. Kf2 b3 43. Rb6 Kxd7 44. Rxb3 Rc4 45. Rb7+ Kc6 46. Re7 Rxe4 47.
Rxg7 Rxa4 48. Ra7 Ra2+ 49. Ke3 a4 50. g4 Ra3+ 1/2-1/2

[Event "Tournoi francophone 002 Groupe D"]
[Site "Skype"]
[Date "????.??.??"]
[Round "2.2"]
[White "Hargez, Dany"]
[Black "Farfallini, Michel"]
[Result "0-1"]
[WhiteElo "1421"]
[BlackElo "1300"]
[PlyCount "38"]

1. e4 e5 2. Nf3 Nc6 3. Bb5 a6 4. Bxc6 dxc6 5. Nxe5 Qd4 6. Nf3 Qxe4+ 7. Qe2
Qxe2+ 8. Kxe2 Bf5 9. d3 O-O-O 10. Ne5 Re8 11. f4 f6 12. d4 fxe5 13. fxe5 Bxc2
14. Nc3 Nf6 15. Bf4 Bb4 16. Rac1 Bg6 17. g3 Ne4 18. Nxe4 Bxe4 19. Ke3 Bxh1 0-1

[Event "Tournoi francophone 002 Groupe D"]
[Site "Skype"]
[Date "????.??.??"]
[Round "2.3"]
[White "Gabriele, Noel"]
[Black "Lequeux, Pierre"]
[Result "1-0"]
[WhiteElo "1310"]
[BlackElo "1243"]
[PlyCount "79"]

1. e4 e5 2. Nf3 Nf6 3. Nc3 Nc6 4. Bc4 Bd6 5. Ng5 O-O 6. d3 h6 7. Nf3 Bc5 8. O-O
d6 9. h3 Re8 10. Na4 Be6 11. Bxe6 Rxe6 12. Nxc5 dxc5 13. Be3 b6 14. c3 Rb8 15.
Qa4 Qxd3 16. Rad1 Qxe4 17. Qxe4 Nxe4 18. c4 a5 19. Rd3 Nb4 20. Rd7 Rc8 21. a3
Nf6 22. axb4 Nxd7 23. b5 a4 24. Ra1 Ra8 25. b3 a3 26. Ra2 e4 27. Ne1 Ne5 28.
Nc2 Nd3 29. Kf1 Nc1 30. Bxc1 Rd8 31. Ne3 Red6 32. Ke1 g6 33. Bxa3 Ra8 34. Nd5
Rd7 35. Nf6+ Kg7 36. Nxd7 Rd8 37. Ne5 Re8 38. Bb2 f6 39. Ng4 Kh7 40. Nxf6+ 1-0

[Event "Tournoi francophone 002 Groupe D"]
[Site "Skype"]
[Date "????.??.??"]
[Round "2.4"]
[White "Moumtaz, Abderrahim"]
[Black "Philibert, Andre"]
[Result "1/2-1/2"]
[WhiteElo "1216"]
[BlackElo "1368"]
[PlyCount "96"]

1. e4 e5 2. Nf3 d6 3. d4 exd4 4. Nxd4 Nf6 5. Bd3 Be7 6. Nc3 O-O 7. O-O b6 8.
Nf3 Bb7 9. Bf4 Re8 10. Re1 Nc6 11. a3 Qd7 12. Bc4 h6 13. e5 dxe5 14. Qxd7 Nxd7
15. Nxe5 Ncxe5 16. Bxe5 Nxe5 17. Rxe5 Rad8 18. Bb5 c6 19. Bc4 Bc8 20. Be2 Bf6
21. Rxe8+ Rxe8 22. Rb1 Bxc3 23. bxc3 Rxe2 24. Rc1 Bf5 25. Kf1 Rxc2 26. Rxc2
Bxc2 27. h4 h5 28. Ke2 Bb3 29. Ke3 a5 30. Kd3 b5 31. f4 f5 32. Ke3 c5 33. Kd3
Kf7 34. g3 Ke6 35. Ke2 Kd5 36. Kd3 Bc4+ 37. Ke3 b4 38. axb4 cxb4 39. cxb4 axb4
40. Kd2 b3 41. Kc3 Kc5 42. Kb2 Kb4 43. Kb1 Kc3 44. Kc1 b2+ 45. Kb1 Bb3 46. g4
fxg4 47. f5 g3 48. f6 gxf6 1/2-1/2

[Event "Tournoi francophone 002 Groupe D"]
[Site "Skype"]
[Date "????.??.??"]
[Round "2.5"]
[White "Gerbaux, Regis"]
[Black "Bousbia, Amine"]
[Result "0-1"]
[WhiteElo "1311"]
[BlackElo "1418"]
[PlyCount "86"]

1. e4 c5 2. Nf3 Nc6 3. d4 cxd4 4. Nxd4 g6 5. Nxc6 bxc6 6. Bc4 d6 7. Qf3 Nf6 8.
h3 d5 9. exd5 Nxd5 10. Nc3 e6 11. O-O Bg7 12. Nxd5 cxd5 13. Re1 O-O 14. c3 Rb8
15. Bb3 Bb7 16. Bd2 Qc7 17. Rac1 d4 18. Qd3 Qc6 19. f3 dxc3 20. Bxc3 Qc5+ 21.
Kh1 Rfd8 22. Qc4 Qxc4 23. Bxc4 Bh6 24. Be5 Bxc1 25. Bxb8 Rxb8 26. Rxc1 Rc8 27.
b3 Bd5 28. Kh2 Kg7 29. Kg3 f5 30. Kf4 Kf6 31. Ke3 h5 32. g3 g5 33. Kd4 Bxf3 34.
Rf1 Rd8+ 35. Ke3 Bb7 36. Be2 h4 37. gxh4 gxh4 38. Bg4 Kg7 39. Bh5 Kf6 40. Bg4
Ke7 41. Bh5 Rg8 42. Rf4 Rg3+ 43. Rf3 Bxf3 0-1

[Event "Tournoi francophone 002 Groupe D"]
[Site "Skype"]
[Date "????.??.??"]
[Round "3.1"]
[White "Bousbia, Amine"]
[Black "Vervoort, Jean-Louis"]
[Result "1/2-1/2"]
[WhiteElo "1418"]
[BlackElo "1330"]
[PlyCount "85"]

1. e4 d5 2. e5 d4 3. Bc4 e6 4. f4 Nc6 5. Nf3 g6 6. O-O Bg7 7. Bb5 Bd7 8. c3 f6
9. Bxc6 Bxc6 10. Nxd4 Qd7 11. Nxc6 Qxc6 12. Qf3 Qb5 13. a4 Qa6 14. d4 Ne7 15.
exf6 Bxf6 16. f5 Nxf5 17. Bh6 O-O-O 18. Re1 Rhe8 19. Nd2 Nxh6 20. Qxf6 Ng8 21.
Qe5 Rd5 22. Qe2 Qd6 23. Ne4 Qd7 24. Rf1 e5 25. Nf6 Nxf6 26. Rxf6 exd4 27. Qf3
Rf5 28. Rxf5 Qxf5 29. cxd4 Qc2 30. Qf7 Kd8 31. Qd5+ Kc8 32. Qf7 Kd8 33. Qf6+
Kc8 34. Qf7 Kd8 35. Qf6+ Kc8 36. Qf7 Kd8 37. Qd5+ Kc8 38. Qf7 Kd8 39. Qf6+ Kc8
40. d5 Re2 41. Qf8+ Kd7 42. Qf7+ Kc8 43. Kf1 1/2-1/2

[Event "Tournoi francophone 002 Groupe D"]
[Site "Skype"]
[Date "????.??.??"]
[Round "3.2"]
[White "Philibert, Andre"]
[Black "Gerbaux, Regis"]
[Result "1/2-1/2"]
[WhiteElo "1368"]
[BlackElo "1311"]
[PlyCount "67"]

1. e4 c5 2. Nf3 d6 3. Bc4 Nf6 4. d3 Nc6 5. c3 Bg4 6. Nbd2 e6 7. Qb3 Na5 8. Bb5+
Nc6 9. O-O Be7 10. Re1 O-O 11. h3 Bxf3 12. Nxf3 d5 13. e5 Nd7 14. Bd2 d4 15.
Bxc6 bxc6 16. cxd4 cxd4 17. Nxd4 Nc5 18. Qc4 Qd5 19. Qxd5 cxd5 20. Re3 Rac8 21.
Rc1 Bg5 22. Re2 Be7 23. Re3 Rb8 24. b4 Na4 25. Rc7 Bg5 26. Re2 Bxd2 27. Rxd2
Rxb4 28. Nb3 a6 29. d4 Nb6 30. Rdc2 Rc4 31. Rc1 Rc8 32. Rxc8+ Rxc8 33. Nc5 Na4
34. Nb3 1/2-1/2

[Event "Tournoi francophone 002 Groupe D"]
[Site "Skype"]
[Date "????.??.??"]
[Round "3.3"]
[White "Lequeux, Pierre"]
[Black "Moumtaz, Abderrahim"]
[Result "0-1"]
[WhiteElo "1243"]
[BlackElo "1216"]
[PlyCount "111"]

1. e4 e5 2. Nf3 Nf6 3. Nc3 Nc6 4. Bc4 Bb4 5. Ng5 O-O 6. d3 d5 7. exd5 Nxd5 8.
O-O h6 9. Nge4 Be6 10. a3 Ba5 11. b4 Bb6 12. a4 a6 13. b5 Nxc3 14. Nxc3 Bxc4
15. dxc4 axb5 16. cxb5 Nd4 17. Ba3 Re8 18. Ne2 e4 19. c3 Nf5 20. c4 c5 21. a5
Rxa5 22. Qd5 Qxd5 23. cxd5 Rxb5 24. Rab1 Nd4 25. Nc3 Ra5 26. Rfe1 Rxa3 27. Ne2
Ba5 28. Ra1 Nxe2+ 29. Kf1 Rxa1 30. Rxa1 Bb6 31. Kxe2 c4 32. Rb1 Bc5 33. Rxb7 e3
34. fxe3 Bxe3 35. Kf3 Bc5 36. Rb5 Bd6 37. Rb6 Bxh2 38. g3 Bg1 39. Rc6 f5 40. d6
Rd8 41. Kg2 Bd4 42. Rxc4 Rxd6 43. Rc8+ Kh7 44. Rc2 h5 45. Rd2 Rd8 46. Kh3 Kh6
47. Rd3 g6 48. Rf3 Be5 49. Kg2 Bf6 50. Kh3 Be5 51. Re3 Bf6 52. Rf3 Rg8 53. Ra3
g5 54. Rf3 g4+ 55. Kg2 gxf3+ 56. Kxf3 0-1

[Event "Tournoi francophone 002 Groupe D"]
[Site "Skype"]
[Date "????.??.??"]
[Round "3.4"]
[White "Farfallini, Michel"]
[Black "Gabriele, Noel"]
[Result "0-1"]
[WhiteElo "1300"]
[BlackElo "1310"]
[PlyCount "50"]

1. e4 e5 2. Nf3 d6 3. d4 exd4 4. Nxd4 a6 5. Bc4 c5 6. Nf3 h6 7. e5 Nc6 8. O-O
Be7 9. Re1 Kf8 10. Bf4 dxe5 11. Bxe5 Qe8 12. Bd6 Bg4 13. Qd3 Rd8 14. Bxe7+
Ngxe7 15. Qa3 Nb4 16. Qb3 Bh5 17. Nbd2 b5 18. Bf1 Qc6 19. Qe3 Nbd5 20. Qd3 Bg6
21. Ne5 Bxd3 22. Nxc6 Nxc6 23. Bxd3 Ndb4 24. Re3 g6 25. Ne4 c4 0-1

[Event "Tournoi francophone 002 Groupe D"]
[Site "Skype"]
[Date "????.??.??"]
[Round "3.5"]
[White "Vincent, Andre"]
[Black "Hargez, Dany"]
[Result "0-1"]
[WhiteElo "1187"]
[BlackElo "1421"]
[PlyCount "102"]

1. Nf3 d5 2. d4 Nf6 3. c4 Bg4 4. e3 e6 5. a3 c5 6. Be2 cxd4 7. exd4 Bxf3 8.
Bxf3 Bd6 9. Nd2 O-O 10. b4 Bc7 11. Bb2 Nbd7 12. c5 e5 13. dxe5 Bxe5 14. Bxe5
Nxe5 15. O-O Qc7 16. Qc2 Rfe8 17. Kh1 Rad8 18. Rac1 Re6 19. h3 Rc6 20. b5 Re6
21. b6 axb6 22. cxb6 Qxb6 23. Qc7 Qxc7 24. Rxc7 b5 25. g4 Nc4 26. Nxc4 bxc4 27.
g5 Ne8 28. Rc5 Red6 29. Re1 Kf8 30. Re5 f6 31. Rexd5 Rxd5 32. Bxd5 c3 33. Bb3
Rd3 34. Bc2 Rxh3+ 35. Kg2 Rh5 36. Rxc3 Rxg5+ 37. Kf1 h5 38. a4 h4 39. Ra3 Ra5
40. f4 g5 41. f5 g4 42. Be4 Ng7 43. Kg2 Nxf5 44. Bxf5 Rxf5 45. a5 Rb5 46. a6
Rb2+ 47. Kf1 Rb8 48. Ra4 f5 49. Kf2 g3+ 50. Kg2 Rb2+ 51. Kh3 g2 0-1

[Event "Tournoi francophone 002 Groupe D"]
[Site "Skype"]
[Date "????.??.??"]
[Round "4.1"]
[White "Vervoort, Jean-Louis"]
[Black "Hargez, Dany"]
[Result "0-1"]
[WhiteElo "1330"]
[BlackElo "1421"]
[PlyCount "44"]

1. d4 d5 2. c4 Nf6 3. Nc3 Bf5 4. Bg5 e6 5. Nf3 Bb4 6. Nh4 Nbd7 7. Nxf5 exf5 8.
e3 Bxc3+ 9. bxc3 O-O 10. Bd3 dxc4 11. Bxf5 Qe8 12. O-O Ne4 13. Qc2 Nxg5 14. h4
Nf3+ 15. gxf3 Nf6 16. e4 Nh5 17. e5 g6 18. Be4 Qe7 19. Rfb1 Qxh4 20. Rxb7 Qh3
21. Rxc7 Nf4 22. Bxa8 Qg2# 0-1

[Event "Tournoi francophone 002 Groupe D"]
[Site "Skype"]
[Date "????.??.??"]
[Round "4.2"]
[White "Gabriele, Noel"]
[Black "Vincent, Andre"]
[Result "1/2-1/2"]
[WhiteElo "1310"]
[BlackElo "1187"]
[PlyCount "83"]

1. e4 c5 2. Bc4 Nc6 3. d3 e6 4. Nc3 d6 5. Nf3 Nf6 6. O-O g6 7. Bg5 Bg7 8. h3
O-O 9. Qd2 Re8 10. Bh6 Qd7 11. Bxg7 Kxg7 12. d4 cxd4 13. Nxd4 a6 14. Nf3 Ne5
15. Be2 Nxf3+ 16. Bxf3 e5 17. Rad1 Rd8 18. Qc1 b5 19. Rd2 Bb7 20. Rfd1 Qe6 21.
b3 b4 22. Nd5 Nxd5 23. exd5 Qf6 24. Be4 Rac8 25. Rd3 Rc3 26. Rxc3 bxc3 27. Qe3
Rc8 28. g4 Qf4 29. Qxf4 exf4 30. f3 f5 31. gxf5 gxf5 32. Bxf5 Re8 33. Be4 h6
34. Rd3 Rc8 35. Rd4 Rc7 36. Rb4 Rd7 37. Rb6 Kf6 38. Kh2 Ke5 39. h4 h5 40. Rb4
Rc7 41. Kh3 Rd7 42. Rb6 1/2-1/2

[Event "Tournoi francophone 002 Groupe D"]
[Site "Skype"]
[Date "????.??.??"]
[Round "4.3"]
[White "Moumtaz, Abderrahim"]
[Black "Farfallini, Michel"]
[Result "1/2-1/2"]
[WhiteElo "1216"]
[BlackElo "1300"]
[PlyCount "50"]

1. e4 e5 2. Nf3 Nc6 3. d4 exd4 4. Nxd4 Bc5 5. Nxc6 Qf6 6. Qf3 Qxc6 7. Nc3 Nf6
8. Bb5 Qb6 9. O-O O-O 10. e5 Ne8 11. Be3 d6 12. exd6 Nxd6 13. a4 Bxe3 14. Qxe3
Qxe3 15. fxe3 a6 16. Bd3 Bd7 17. Nd5 c6 18. Nb6 Rad8 19. Nxd7 Rxd7 20. Rad1 Re8
21. Rfe1 Red8 22. e4 Nc4 23. b3 Nb2 24. Rd2 Nxd3 25. cxd3 Rxd3 1/2-1/2

[Event "Tournoi francophone 002 Groupe D"]
[Site "Skype"]
[Date "????.??.??"]
[Round "4.4"]
[White "Gerbaux, Regis"]
[Black "Lequeux, Pierre"]
[Result "1-0"]
[WhiteElo "1311"]
[BlackElo "1243"]
[PlyCount "95"]

1. Nf3 Nf6 2. e4 e5 3. Nxe5 Nxe4 4. Nxf7 Kxf7 5. Qf3+ Nf6 6. Bc4+ d5 7. Bb3 Bg4
8. Qf4 Bd6 9. Bxd5+ Be6 10. Bxe6+ Kxe6 11. Qe3+ Kf7 12. Qb3+ Kg6 13. h4 Re8+
14. Kf1 h5 15. d4 b6 16. Bg5 Be7 17. Qd3+ Kf7 18. Rh3 Nh7 19. Qxh7 Rh8 20. Rf3+
Ke6 21. Qe4+ Kd7 22. Qxa8 Nc6 23. Qxd8+ Bxd8 24. Bxd8 Kxd8 25. c3 Ne7 26. Nd2
Ng6 27. g3 Kc8 28. Rf7 Rg8 29. Re1 Kb7 30. Re6 Nh8 31. Rfe7 g6 32. Nf3 Rb8 33.
d5 Rf8 34. Kg2 Nf7 35. Rxg6 Nd6 36. Rxd6 Rc8 37. Red7 Ka6 38. Rd8 cxd6 39. Rxc8
Kb7 40. Rc4 b5 41. Rc6 a5 42. Nd4 b4 43. c4 a4 44. b3 a3 45. Nb5 Kb8 46. Rc7
Ka8 47. f4 Kb8 48. f5 1-0

[Event "Tournoi francophone 002 Groupe D"]
[Site "Skype"]
[Date "????.??.??"]
[Round "5.2"]
[White "Lequeux, Pierre"]
[Black "Bousbia, Amine"]
[Result "0-1"]
[WhiteElo "1243"]
[BlackElo "1418"]
[PlyCount "50"]

1. e4 c5 2. d3 Nc6 3. c3 Nf6 4. Nf3 d6 5. h3 e6 6. Be2 Be7 7. Nbd2 b5 8. b4 O-O
9. bxc5 dxc5 10. O-O Qc7 11. g3 e5 12. Rb1 Bxh3 13. Re1 b4 14. c4 Nd4 15. Nxd4
exd4 16. Bf1 Qd7 17. g4 Bxf1 18. Nxf1 Nxg4 19. f3 Ne5 20. Bf4 Ng6 21. Bg3 Bh4
22. Kf2 Qh3 23. Bxh4 Nxh4 24. Re2 Qg2+ 25. Ke1 Nxf3# 0-1

[Event "Tournoi francophone 002 Groupe D"]
[Site "Skype"]
[Date "????.??.??"]
[Round "5.3"]
[White "Farfallini, Michel"]
[Black "Gerbaux, Regis"]
[Result "1-0"]
[WhiteElo "1300"]
[BlackElo "1311"]
[PlyCount "49"]

1. e4 e5 2. Nf3 Nc6 3. Bc4 Bc5 4. d4 exd4 5. Ng5 Ne5 6. Qh5 Qf6 7. Bxf7+ Nxf7
8. Nxf7 d3 9. Qxc5 Qxf7 10. cxd3 d6 11. Qa3 Nf6 12. Nc3 O-O 13. O-O b6 14. Bf4
Ne8 15. Bg3 Bb7 16. d4 Rc8 17. e5 dxe5 18. dxe5 a6 19. Rfe1 Qe6 20. Ne4 Qf5 21.
Qb3+ Bd5 22. Qd3 c6 23. Rad1 Nc7 24. Nf6+ gxf6 25. Qxf5 1-0

[Event "Tournoi francophone 002 Groupe D"]
[Site "Skype"]
[Date "????.??.??"]
[Round "5.4"]
[White "Vincent, Andre"]
[Black "Moumtaz, Abderrahim"]
[Result "1-0"]
[WhiteElo "1187"]
[BlackElo "1216"]
[PlyCount "69"]

1. d4 d5 2. c4 e6 3. Nc3 c6 4. e3 Bb4 5. Nf3 Nf6 6. Be2 O-O 7. O-O Nbd7 8. Re1
Ne4 9. Bd2 Nxc3 10. bxc3 Bd6 11. c5 Be7 12. c4 Nf6 13. Bd3 Re8 14. Ne5 Bd7 15.
e4 Nxe4 16. Bxe4 dxe4 17. Rxe4 Bf6 18. Qf3 Bxe5 19. dxe5 b6 20. Be3 Bc8 21. Rd1
Bd7 22. Rg4 h5 23. Rg5 g6 24. Qxh5 Kf8 25. Qh8+ Ke7 26. Qf6+ Kf8 27. Rxg6 Qxf6
28. Rxf6 Re7 29. Bg5 bxc5 30. Rh6 Ree8 31. Rxd7 Rab8 32. g3 a5 33. Rh7 Rb1+ 34.
Kg2 f6 35. Rh8# 1-0

[Event "Tournoi francophone 002 Groupe D"]
[Site "Skype"]
[Date "????.??.??"]
[Round "5.5"]
[White "Hargez, Dany"]
[Black "Gabriele, Noel"]
[Result "0-1"]
[WhiteElo "1421"]
[BlackElo "1310"]
[PlyCount "88"]

1. e4 e5 2. d4 exd4 3. Nf3 c5 4. Bc4 f6 5. e5 Be7 6. O-O Nc6 7. exf6 Bxf6 8.
Re1+ Nge7 9. Bg5 d6 10. Bxf6 gxf6 11. Nh4 Ne5 12. Qh5+ Kd7 13. Bb3 Kc7 14. Qd1
N7c6 15. Nd2 Na5 16. Bd5 Qe7 17. Nhf3 Bg4 18. h3 Be6 19. Bxe6 Qxe6 20. Ng5 fxg5
21. Nf3 Rag8 22. Re4 Rg7 23. g4 h5 24. Nxe5 dxe5 25. Qd3 hxg4 26. Rxg4 Rhg8 27.
b3 Nc6 28. Re1 Ne7 29. Qg3 Nc6 30. c3 dxc3 31. Qxc3 b6 32. a3 Re7 33. b4 c4 34.
Rxc4 b5 35. Rc5 Kb7 36. Rxb5+ Ka8 37. Rc5 Rg6 38. b5 Nb8 39. Re4 g4 40. h4 g3
41. fxg3 Qh3 42. g4 Rxg4+ 43. Rxg4 Qxg4+ 44. Qg3 Qxg3+ 0-1

[Event "Tournoi francophone 002 Groupe D"]
[Site "Skype"]
[Date "????.??.??"]
[Round "6.1"]
[White "Vervoort, Jean-Louis"]
[Black "Gabriele, Noel"]
[Result "0-1"]
[WhiteElo "1330"]
[BlackElo "1310"]
[PlyCount "50"]

1. d4 e6 2. e4 d5 3. e5 Nc6 4. c4 Nge7 5. Nc3 Nf5 6. Nf3 Bb4 7. Bd3 Bxc3+ 8.
bxc3 O-O 9. O-O Na5 10. c5 c6 11. g3 h6 12. Bd2 Nc4 13. Bxc4 dxc4 14. Rb1 Qd5
15. Qe2 f6 16. Rb4 fxe5 17. Nxe5 Rf6 18. a4 Ne7 19. Rxc4 Ng6 20. Ng4 Rf5 21.
Rb4 a5 22. Rb6 Qa2 23. Qe1 Qxa4 24. Qb1 Qc4 25. Qxf5 exf5 0-1

[Event "Tournoi francophone 002 Groupe D"]
[Site "Skype"]
[Date "????.??.??"]
[Round "6.2"]
[White "Moumtaz, Abderrahim"]
[Black "Hargez, Dany"]
[Result "0-1"]
[WhiteElo "1216"]
[BlackElo "1421"]
[PlyCount "48"]

1. d4 d5 2. c4 Nf6 3. cxd5 Nxd5 4. e4 Nf6 5. Nc3 Bg4 6. Nf3 e6 7. Be2 Bb4 8.
O-O Bxc3 9. bxc3 Nxe4 10. Bd2 Nd7 11. Bd3 Ndf6 12. Bxe4 Nxe4 13. Re1 Qd5 14. h3
Bh5 15. Re3 Ng5 16. Re5 Nxf3+ 17. gxf3 Qxf3 18. Qxf3 Bxf3 19. Bf4 O-O 20. Rc5
c6 21. Rg5 Rad8 22. Re1 Rd5 23. Be5 f6 24. Rf5 exf5 0-1

[Event "Tournoi francophone 002 Groupe D"]
[Site "Skype"]
[Date "????.??.??"]
[Round "6.3"]
[White "Gerbaux, Regis"]
[Black "Vincent, Andre"]
[Result "1/2-1/2"]
[WhiteElo "1311"]
[BlackElo "1187"]
[PlyCount "33"]

1. e4 c5 2. Nf3 d6 3. d4 cxd4 4. Nxd4 Bd7 5. Bc4 Nf6 6. Nc3 g6 7. Bg5 Bg7 8.
Qf3 O-O 9. e5 Ng4 10. Qxb7 Nxe5 11. Qxa8 Nxc4 12. Nf3 Bc6 13. Qxa7 f6 14. Qd4
Nxb2 15. Bd2 e6 16. Qb4 f5 17. Qxb2 1/2-1/2

[Event "Tournoi francophone 002 Groupe D"]
[Site "Skype"]
[Date "????.??.??"]
[Round "6.4"]
[White "Bousbia, Amine"]
[Black "Farfallini, Michel"]
[Result "1-0"]
[WhiteElo "1418"]
[BlackElo "1300"]
[PlyCount "27"]

1. f4 d5 2. Nf3 Nc6 3. e3 Bg4 4. Be2 Bxf3 5. Bxf3 e5 6. fxe5 Nxe5 7. Nc3 Nf6 8.
O-O Qd7 9. d4 Neg4 10. Nxd5 O-O-O 11. Nxf6 Nxf6 12. c4 Kb8 13. Qb3 g6 14. Qxb7#
1-0

[Event "Tournoi francophone 002 Groupe D"]
[Site "Skype"]
[Date "????.??.??"]
[Round "7.1"]
[White "Lequeux, Pierre"]
[Black "Vervoort, Jean-Louis"]
[Result "1-0"]
[WhiteElo "1243"]
[BlackElo "1330"]
[PlyCount "103"]

1. e4 e5 2. f4 f6 3. Nf3 d6 4. Bc4 Qe7 5. O-O Be6 6. Bxe6 Qxe6 7. Nc3 Nc6 8.
Nd5 O-O-O 9. d3 f5 10. Nc3 fxe4 11. Nxe4 h6 12. c3 d5 13. Qb3 Na5 14. Qa4 dxe4
15. Qxe4 Nf6 16. Qxe5 Qxe5 17. Nxe5 Re8 18. Bd2 Rg8 19. Rfe1 g5 20. fxg5 hxg5
21. Nf7 Rxe1+ 22. Rxe1 Bd6 23. Nxd6+ cxd6 24. Re6 Ne8 25. b4 Nc6 26. b5 Nd8 27.
Re7 Nf6 28. Be3 b6 29. Bd4 Nd5 30. Rxa7 Kb8 31. Rd7 Nb7 32. c4 Kc8 33. Rf7 Nd8
34. Rh7 Nf6 35. Bxf6 Re8 36. Kf2 Rf8 37. Rh6 Nf7 38. Rh7 Ne5 39. Rh8 Rxh8 40.
Bxh8 Ng4+ 41. Kg3 Ne3 42. Bd4 Nf1+ 43. Kg4 Nxh2+ 44. Kxg5 Kb7 45. Bg1 Nf1 46.
g4 Ng3 47. Bh2 Nf1 48. Bxd6 Nd2 49. Kf6 Nf3 50. g5 Nd4 51. g6 Nf3 52. g7 1-0

[Event "Tournoi francophone 002 Groupe D"]
[Site "Skype"]
[Date "????.??.??"]
[Round "7.2"]
[White "Farfallini, Michel"]
[Black "Philibert, Andre"]
[Result "0-1"]
[WhiteElo "1300"]
[BlackElo "1368"]
[PlyCount "56"]

1. e4 e5 2. Nf3 d6 3. d4 exd4 4. Qxd4 c5 5. Bb5+ Bd7 6. Bxd7+ Nxd7 7. Qd5 Qc7
8. O-O Ngf6 9. Qc4 Be7 10. Re1 Ne5 11. Qb5+ Nc6 12. e5 a6 13. Qc4 dxe5 14. Nxe5
Nxe5 15. Bf4 Bd6 16. Bxe5 Bxe5 17. Qc3 Nd7 18. f4 f6 19. fxe5 Nxe5 20. Nd2 O-O
21. Qg3 Rad8 22. Nf3 Nxf3+ 23. Qxf3 c4 24. Re3 Qc5 25. Rae1 Rfe8 26. Qf2 Rxe3
27. Rxe3 Rd1+ 28. Re1 Rxe1# 0-1

[Event "Tournoi francophone 002 Groupe D"]
[Site "Skype"]
[Date "????.??.??"]
[Round "7.3"]
[White "Vincent, Andre"]
[Black "Bousbia, Amine"]
[Result "1-0"]
[WhiteElo "1187"]
[BlackElo "1418"]
[PlyCount "103"]

1. d4 d5 2. c4 e5 3. dxe5 d4 4. Nf3 Nc6 5. e3 Bb4+ 6. Nbd2 dxe3 7. fxe3 Bg4 8.
Be2 Bxf3 9. Bxf3 Qh4+ 10. Ke2 Bxd2 11. Qxd2 Qxc4+ 12. Qd3 Qxd3+ 13. Kxd3 Nxe5+
14. Ke2 Nxf3 15. Kxf3 O-O-O 16. b3 Nf6 17. Bb2 Rd2 18. Bc3 Rd3 19. Bxf6 gxf6
20. Ke2 Rhd8 21. Rhd1 R3d6 22. Rac1 h5 23. h4 Rxd1 24. Rxd1 Rg8 25. Kf3 Rg4 26.
Rd4 Rxd4 27. exd4 Kd7 28. g4 hxg4+ 29. Kxg4 Ke6 30. h5 f5+ 31. Kg5 f4 32. Kxf4
Kf6 33. d5 Kg7 34. Ke5 Kh6 35. Kf6 Kxh5 36. Kxf7 Kg5 37. Ke6 Kf4 38. Kd7 c6 39.
d6 c5 40. Kc7 b6 41. d7 Ke4 42. d8=Q c4 43. bxc4 b5 44. cxb5 a6 45. bxa6 Ke5
46. Kc6 Ke4 47. Qd5+ Kf4 48. Qe6 Kf3 49. a7 Kf4 50. a8=Q Kf3 51. Kc5+ Kg3 52.
Qf8 1-0

[Event "Tournoi francophone 002 Groupe D"]
[Site "Skype"]
[Date "????.??.??"]
[Round "7.4"]
[White "Hargez, Dany"]
[Black "Gerbaux, Regis"]
[Result "1-0"]
[WhiteElo "1421"]
[BlackElo "1311"]
[PlyCount "69"]

1. e4 c5 2. Nf3 d6 3. d4 cxd4 4. Nxd4 a6 5. Bc4 Nf6 6. Nc3 Nc6 7. O-O e6 8. Bg5
Be7 9. Nf3 O-O 10. Re1 Qb6 11. b3 Ng4 12. Be3 Nxe3 13. Rxe3 e5 14. Nd5 Qd8 15.
h3 Be6 16. Nxe7+ Qxe7 17. Bd5 Nb4 18. c4 b5 19. Bxa8 Rxa8 20. a3 Nc6 21. Rd3
Rd8 22. Qd2 f5 23. Ng5 fxe4 24. Nxe4 Bf5 25. f3 Nd4 26. Rc3 Bxe4 27. fxe4 d5
28. c5 dxe4 29. Qe3 Qb7 30. b4 Rf8 31. Rf1 Nf5 32. Qc1 e3 33. Qc2 Qc6 34. Rxf5
Rxf5 35. Qxf5 1-0